Music Quiz

Random Music or Popular Quiz

'90s Pop Group Members Quiz Stats

Quiz Updated Oct 2, 2013

Also try: Literary Siblings
Challenge
Share
Tweet
Embed
Score 0/30 Timer 05:00
11 Plays Today
% Correct
Victoria Beckham
97%
Beyoncé Knowles
95%
Melanie Brown
92.3%
Justin Timberlake
91.9%
Geri Halliwell
91.1%
Emma Bunton
90.1%
Melanie Chisholm
89.5%
Kelly Rowland
86.3%
Lisa Lopes
81.5%
Donnie Wahlberg
80.1%
Nick Carter
78.3%
Michelle Williams
78.2%
Joey Fatone
77.1%
Lance Bass
76.6%
A.J. McLean
75.7%
% Correct
Jordan Knight
73.6%
JC Chasez
73.5%
Jonathan Knight
70.9%
Joey McIntyre
70.8%
Tionne Watkins
70.8%
Brian Littrell
69%
Rozonda Thomas
68.1%
Howie Dorough
64.9%
Danny Wood
63%
Shawn Stockman
61.2%
Kevin Richardson
60.3%
Nathan Morris
59.3%
Chris Kirkpatrick
56.6%
Michael McCary
53.5%
Wanya Morris
47%

You're not logged in!

Compare scores with friends on all Sporcle quizzes.
Sign Up with Email
OR
Log In

You Might Also Like...

Show Comments

Extras

Top Quizzes Today


Score Distribution

Your Account Isn't Verified!

In order to create a playlist on Sporcle, you need to verify the email address you used during registration. Go to your Sporcle Settings to finish the process.